|
|
|
|
| LEADER |
00000nam a2200000 a 4500 |
| 001 |
UCO1733 |
| 003 |
CL-VaPUC |
| 008 |
000519e19630000SP |||||||||||||||||spa|d |
| 082 |
0 |
4 |
|a 531
|b GOL
|2 21
|
| 100 |
|
|
|a Goldstein, Herbert
|e author
|9 471422
|
| 245 |
1 |
0 |
|a Mecánica clásica
|
| 300 |
|
|
|a 456 p
|
| 942 |
|
|
|c BK
|
| 945 |
|
|
|d 20000519 00:00:00
|a vberengu
|
| 260 |
|
|
|a Madrid
|b Aguilar
|c 1963
|
| 500 |
|
|
|a Donación de Don Walter Zeller Allier
|
| 650 |
|
0 |
|a Cinemática
|9 260942
|
| 650 |
|
0 |
|a Mecánica
|9 260096
|
| 650 |
|
0 |
|a Movimiento física
|9 359702
|
| 583 |
|
|
|a last modification
|c 20000519 00:00:00
|k Rodrigo Vera
|
| 999 |
|
|
|c 288333
|d 288331
|
| 952 |
|
|
|0 0
|1 0
|4 0
|6 531_000000000000000_GOL_1963
|7 0
|8 A
|9 335950
|a BIBCUR
|b BIBCUR
|d 2019-11-20
|i 3581659
|l 5
|m 3
|o 531 GOL 1963
|p 3581659
|r 2025-04-22
|s 2024-06-10
|w 2019-11-20
|y BK
|k BCB
|
| 952 |
|
|
|0 0
|1 0
|4 0
|6 531_000000000000000_GOL_1963
|7 0
|8 A
|9 335951
|a BIBCUR
|b BIBCUR
|d 2019-11-20
|i 4543254
|l 16
|m 16
|o 531 GOL 1963
|p 4543254
|q 2025-05-13
|r 2025-05-06
|s 2025-05-06
|w 2019-11-20
|y BK
|k FIS
|